Adaptation

Guardado en:
Detalles Bibliográficos
Formato: Libro
Lenguaje:Undetermined
Publicado: London Academic Press 1996
Materias:
Etiquetas: Agregar Etiqueta
Sin Etiquetas, Sea el primero en etiquetar este registro!
Thư viện lưu trữ: Trung tâm Học liệu Trường Đại học Cần Thơ
LEADER 00528nam a2200169Ia 4500
001 CTU_168065
008 210402s9999 xx 000 0 und d
082 |a 575 
082 |b A191 
245 0 |a Adaptation 
245 0 |c Edited by Micheal R. Rose, George V. Lauder 
260 |a London 
260 |b Academic Press 
260 |c 1996 
650 |a Adaptation (Biology),Natural selection,Evolution,Chọn lọc tự nhiên,Sự tiến hóa 
910 |a Nguyên 
980 |a Trung tâm Học liệu Trường Đại học Cần Thơ